[Event "Deizisau op 13th"]
[Site "Deizisau"]
[Date "2018.10.29"]
[Round "6"]
[White "Kuhn, Luis"]
[Black "Doll, Stefan"]
[Result "0-1"]
[WhiteElo "1990"]
[BlackElo "2170"]
[PlyCount "58"]
[EventDate "2018.10.26"]
[EventType "swiss"]
[EventRounds "7"]
[EventCountry "GER"]
[SourceTitle "CBM 187 Extra"]
[Source "ChessBase"]
[SourceDate "2018.11.04"]
[SourceVersion "1"]
[SourceVersionDate "2018.11.04"]
[SourceQuality "1"]

1. e4 e5 2. Nf3 Nc6 3. d4 exd4 4. Nxd4 Nf6 5. Nxc6 bxc6 6. e5 Qe7 7. Qe2 Nd5 8. c4 Ba6 9. b3 g6 10. f4 Bg7 11. Qf2 Nf6 12. Ba3 d6 13. Nc3 0-0 14. 0-0-0 Ne8 15. g3 Bb7 16. Bg2 f6 17. exd6 cxd6 18. Rhe1 Qc7 19. c5 d5 20. Nxd5 cxd5 21. Rxd5 f5 22. Bh1 Bc6 23. Qe2 Nf6 24. Qe6+ Kh8 25. Rd6 Bxh1 26. Rxh1 Qa5 27. Bb2 Qxc5+ 28. Kb1 Rae8 29. Bd4 Qxd4 0-1

[Event "Hessen-chA"]
[Site "Frankfurt"]
[Date "2018.05.12"]
[Round "5"]
[White "Thomas, Norbert"]
[Black "Kuhn, Luis"]
[Result "0-1"]
[WhiteElo "2017"]
[BlackElo "1974"]
[PlyCount "140"]
[EventDate "2018.05.10"]
[EventType "swiss"]
[EventRounds "7"]
[EventCountry "GER"]
[SourceTitle "EXT 2019"]
[Source "ChessBase"]
[SourceDate "2018.10.10"]
[SourceVersion "1"]
[SourceVersionDate "2018.10.10"]
[SourceQuality "1"]

1. d4 d5 2. c4 e6 3. Nf3 Nf6 4. g3 Be7 5. Bg2 dxc4 6. Qa4+ Bd7 7. Qxc4 Bc6 8. Nc3 Nbd7 9. 0-0 0-0 10. Qd3 Bd6 11. Rd1 Qe7 12. e4 e5 13. d5 Nc5 14. Qe2 Bd7 15. Nd2 g6 16. Nf1 Nh5 17. Bh6 Ng7 18. Ne3 f5 19. exf5 gxf5 20. Nc4 Qf6 21. Be3 Rae8 22. Nxd6 cxd6 23. Bxc5 dxc5 24. Qc4 Qd6 25. a4 a5 26. Rac1 b6 27. b3 Kh8 28. Re1 Re7 29. Rcd1 Ne8 30. Rd2 Nc7 31. Qh4 Rf6 32. Rde2 Rg6 33. Qc4 Rg4 34. Qd3 Rd4 35. Qe3 Bc8 36. Qg5 h6 37. Qh5 Kg7 38. Re3 e4 39. g4 Nxd5 40. Nxd5 Qxd5 41. gxf5 Bxf5 42. Rg3+ Kh7 43. Rg5 Rf7 44. h4 Qe6 45. Rg3 Rg7 46. Rxg7+ Kxg7 47. Re3 Rd3 48. Qe2 Qxb3 49. Rxe4 Bxe4 50. Qxe4 Rd4 51. Qe5+ Kf8 52. Qf6+ Qf7 53. Qxh6+ Qg7 54. Qxb6 Rd1+ 55. Kh2 Qe5+ 56. Kh3 Qf5+ 57. Kg3 Qe5+ 58. Kh3 Qf5+ 59. Kg3 Qd3+ 60. Kh2 Qd6+ 61. Qxd6+ Rxd6 62. Bf1 Rd4 63. Bb5 Rxh4+ 64. Kg3 Rd4 65. Kf3 Ke7 66. Ke3 Kf6 67. f3 Ke5 68. Ke2 Kf4 69. Bc6 c4 70. Bb5 c3 0-1

[Event "Hessen-chA"]
[Site "Frankfurt"]
[Date "2018.05.10"]
[Round "2"]
[White "Blaschke, Henri Johannes"]
[Black "Kuhn, Luis"]
[Result "1-0"]
[WhiteElo "1814"]
[BlackElo "1974"]
[PlyCount "103"]
[EventDate "2018.05.10"]
[EventType "swiss"]
[EventRounds "7"]
[EventCountry "GER"]
[SourceTitle "EXT 2019"]
[Source "ChessBase"]
[SourceDate "2018.10.10"]
[SourceVersion "1"]
[SourceVersionDate "2018.10.10"]
[SourceQuality "1"]

1. d4 Nf6 2. c4 e6 3. g3 d5 4. Nf3 Be7 5. Bg2 0-0 6. Qc2 a6 7. Nbd2 Nc6 8. 0-0 Nb4 9. Qb3 dxc4 10. Nxc4 b5 11. Nce5 Bb7 12. a3 Bd5 13. Qd1 Nc6 14. Bf4 Nxe5 15. Bxe5 Nd7 16. Bf4 c5 17. dxc5 Nxc5 18. Rc1 Rc8 19. Be5 f6 20. Bd4 e5 21. Be3 Bc4 22. Nd2 Bd5 23. Nf3 Qd6 24. Bxc5 Rxc5 25. Rxc5 Qxc5 26. Qd2 Rd8 27. Rc1 Bc4 28. Qc2 Qb6 29. Nh4 Bf8 30. Nf3 a5 31. h4 a4 32. Nh2 Qd6 33. Ng4 Qd2 34. Ne3 Bxe2 35. Bd5+ Rxd5 36. Nxd5 Qxd5 37. Qxe2 Bc5 38. Qc2 Bd4 39. Qc8+ Kf7 40. Rc7+ Kg6 41. Qg4+ Kh6 42. Qxg7+ Kh5 43. Qxh7+ Kg4 44. Qg6+ Kf3 45. Qf5+ Ke2 46. Rc2+ Ke1 47. Qg4 Bxf2+ 48. Rxf2 Qd3 49. Qb4+ Kd1 50. Qc3 e4 51. Rf1+ Ke2 52. Qe1# 1-0

[Event "Hessen-chA"]
[Site "Frankfurt"]
[Date "2018.05.10"]
[Round "1"]
[White "Kuhn, Luis"]
[Black "Leimeister, Erhard"]
[Result "0-1"]
[WhiteElo "1974"]
[BlackElo "2214"]
[PlyCount "78"]
[EventDate "2018.05.10"]
[EventType "swiss"]
[EventRounds "7"]
[EventCountry "GER"]
[SourceTitle "EXT 2019"]
[Source "ChessBase"]
[SourceDate "2018.10.10"]
[SourceVersion "1"]
[SourceVersionDate "2018.10.10"]
[SourceQuality "1"]

1. e4 c5 2. Nf3 g6 3. d4 cxd4 4. Nxd4 Nc6 5. Nc3 Bg7 6. Be3 Nf6 7. Be2 0-0 8. 0-0 d6 9. h3 Bd7 10. Qd2 a6 11. a4 Rc8 12. Nxc6 Bxc6 13. Bf3 Qc7 14. a5 Rfe8 15. Rfd1 h5 16. Bd4 Nd7 17. Bxg7 Kxg7 18. Bxh5 Nf6 19. Bf3 Rh8 20. Qd4 Rh4 21. g3 Rxh3 22. Nd5 Bxd5 23. exd5 Qxc2 24. Rac1 Qxc1 25. Rxc1 Rxc1+ 26. Kg2 Rhh1 27. Bg4 Rhe1 28. Bf3 Rc7 29. g4 Kg8 30. Kg3 Nd7 31. Bg2 Rc5 32. b4 Rc7 33. f4 Rec1 34. Kh4 R1c4 35. Qe3 Nf8 36. Be4 Rxb4 37. f5 Rcc4 38. Bf3 gxf5 39. Qxe7 Ng6+ 0-1

[Event "Frankfurt-chA"]
[Site "Frankfurt"]
[Date "2017.05.08"]
[Round "3"]
[White "Kuhn, Luis"]
[Black "Merten, Rainer"]
[Result "1-0"]
[WhiteElo "1896"]
[BlackElo "1709"]
[PlyCount "47"]
[EventDate "2017.04.24"]
[EventType "swiss"]
[EventRounds "7"]
[EventCountry "GER"]
[SourceTitle "EXT 2018"]
[Source "ChessBase"]
[SourceDate "2017.10.13"]
[SourceVersion "1"]
[SourceVersionDate "2017.10.13"]
[SourceQuality "1"]

1. e4 c5 2. Nf3 Nc6 3. d4 cxd4 4. Nxd4 Nf6 5. Nc3 a6 6. Bc4 e6 7. Nxc6 bxc6 8. Bg5 Be7 9. e5 Nd5 10. Bxe7 Qxe7 11. Ne4 0-0 12. 0-0 a5 13. Re1 Ba6 14. Bb3 Nb6 15. c3 Bc4 16. Bc2 Bd5 17. Nf6+ gxf6 18. Bxh7+ Kh8 19. Qh5 Rg8 20. Bxg8+ Kxg8 21. Re3 Qd8 22. Rh3 Kf8 23. Qh8+ Ke7 24. Qxf6+ 1-0

[Event "Karl Mala Memorial op 15th"]
[Site "Frankfurt"]
[Date "2012.07.05"]
[Round "1"]
[White "Kuhn, Luis"]
[Black "Richters, Marc"]
[Result "0-1"]
[WhiteElo "1920"]
[BlackElo "2045"]
[PlyCount "130"]
[EventDate "2012.07.05"]
[EventType "swiss"]
[EventRounds "7"]
[EventCountry "GER"]
[SourceTitle "CBM 149 Extra"]
[Source "ChessBase"]
[SourceDate "2012.08.24"]
[SourceVersion "1"]
[SourceVersionDate "2012.08.24"]
[SourceQuality "1"]

1. e4 c5 2. Nf3 d6 3. d4 cxd4 4. Nxd4 Nf6 5. Nc3 Nc6 6. Be2 Bd7 7. Be3 Rc8 8. Qd2 Ne5 9. 0-0 Nc4 10. Bxc4 Rxc4 11. h3 g6 12. f4 Qa5 13. Nb3 Qc7 14. e5 Ne4 15. Nxe4 Rxe4 16. Bd4 Bg7 17. Qd3 Bf5 18. g4 Rxd4 19. Qxd4 Bd7 20. Rae1 Qxc2 21. Qc3 Qxc3 22. bxc3 dxe5 23. fxe5 h5 24. Nc5 Bb5 25. Rf4 hxg4 26. Nxb7 gxh3 27. Kh2 Rh5 28. Rd1 Bd7 29. Rxd7 Kxd7 30. Nc5+ Kc6 31. Nd3 Rf5 32. Rc4+ Kb6 33. Rb4+ Ka5 34. Rb7 Bxe5+ 35. Nxe5 Rxe5 36. Kxh3 Ka6 37. Rb3 Rb5 38. Ra3+ Ra5 39. Rb3 Rxa2 40. Kg3 Re2 41. Kf3 Re5 42. Rb8 Rc5 43. Rb3 Rb5 44. Ra3+ Kb6 45. Ke3 a5 46. Kd4 e5+ 47. Kd3 f5 48. Ra1 Rd5+ 49. Kc4 Rd6 50. Rb1+ Kc6 51. Rb5 e4 52. Rxa5 e3 53. Re5 f4 54. Re4 g5 55. Re5 g4 56. Re4 g3 57. Rxf4 g2 58. Rg4 e2 59. Rxg2 e1Q 60. Rb2 Qf1+ 61. Kb3 Qb5+ 62. Ka3 Qa5+ 63. Kb3 Kc5 64. Rf2 Rb6+ 65. Kc2 Qa2+ 0-1

[Event "Frankfurt-chA"]
[Site "Frankfurt"]
[Date "2012.06.18"]
[Round "7"]
[White "Kuhn, Luis"]
[Black "Richter, Tobias"]
[Result "1-0"]
[WhiteElo "1811"]
[BlackElo "1992"]
[PlyCount "119"]
[EventDate "2012.04.30"]
[EventType "swiss"]
[EventRounds "7"]
[EventCountry "GER"]
[SourceTitle "EXT 2013"]
[Source "ChessBase"]
[SourceDate "2012.11.22"]
[SourceVersion "1"]
[SourceVersionDate "2012.11.22"]
[SourceQuality "1"]

1. e4 d6 2. d4 Nf6 3. Nc3 g6 4. Nf3 Bg7 5. Be2 c6 6. 0-0 0-0 7. a4 Qc7 8. Bg5 e5 9. Qd2 Re8 10. d5 Nbd7 11. Rfd1 cxd5 12. Nxd5 Nxd5 13. Qxd5 Bf8 14. Bb5 a6 15. Qc4 Qb6 16. Bxd7 Bxd7 17. b3 Rac8 18. Qd3 Bc6 19. Nd2 Qc7 20. c4 Qd7 21. f3 b5 22. cxb5 axb5 23. a5 d5 24. exd5 Qxd5 25. Ne4 Qxd3 26. Nf6+ Kh8 27. Rxd3 Re6 28. Nd7 Bg7 29. Nc5 Ree8 30. Rad1 f5 31. Rd8 Rcxd8 32. Rxd8 Rxd8 33. Bxd8 e4 34. Ne6 exf3 35. gxf3 Bxf3 36. a6 Bd5 37. a7 Be5 38. Bc7 Bf6 39. Bb6 Be5 40. Bd4 Bxd4+ 41. Nxd4 b4 42. Nc2 Kg7 43. Nxb4 Bb7 44. Na6 Kf7 45. Nc7 Ke7 46. a8Q Bxa8 47. Nxa8 Kd6 48. Nb6 Kc5 49. Nd7+ Kb4 50. Nf8 Kxb3 51. Kf2 Kc3 52. Ke3 Kc4 53. Nxh7 Kd5 54. Kf4 Ke6 55. Kg5 Ke5 56. Kxg6 Kf4 57. h4 Kg4 58. h5 f4 59. Ng5 f3 60. Nxf3 1-0

[Event "Frankfurt-chA"]
[Site "Frankfurt"]
[Date "2012.06.11"]
[Round "6"]
[White "Kuhn, Luis"]
[Black "Geringer, Waldemar"]
[Result "1-0"]
[WhiteElo "1811"]
[BlackElo "1885"]
[PlyCount "107"]
[EventDate "2012.04.30"]
[EventType "swiss"]
[EventRounds "7"]
[EventCountry "GER"]
[SourceTitle "EXT 2013"]
[Source "ChessBase"]
[SourceDate "2012.11.22"]
[SourceVersion "1"]
[SourceVersionDate "2012.11.22"]
[SourceQuality "1"]

1. e4 c5 2. Nf3 d6 3. d4 cxd4 4. Nxd4 Nf6 5. Nc3 a6 6. Bc4 Qc7 7. Bb3 e5 8. Nf5 Bxf5 9. exf5 Nbd7 10. Bg5 h6 11. Bxf6 Nxf6 12. Qf3 Be7 13. 0-0-0 0-0 14. g4 b5 15. h4 b4 16. Nd5 Nxd5 17. Qxd5 a5 18. Ba4 Rfc8 19. g5 Qc4 20. f6 Qxd5 21. Rxd5 Bf8 22. Rg1 Rc4 23. gxh6 g6 24. h5 Kh7 25. hxg6+ fxg6 26. Rb5 Bxh6+ 27. Kd1 g5 28. Rb7+ Kg6 29. f7 Rf4 30. Be8 Kg7 31. Ke2 Kf6 32. f3 Bf8 33. Rh1 Rh4 34. Rd1 Rc8 35. Ba4 Rh2+ 36. Kd3 Rh7 37. Bb3 Rh3 38. Ke4 Rh4+ 39. Ke3 Rh3 40. Ke4 Rh4+ 41. Ke3 Kf5 42. Rd5 Rh3 43. Ba4 Rd8 44. Rxa5 g4 45. Bd7+ Rxd7 46. Rxd7 Rxf3+ 47. Ke2 Ke6 48. Rb7 Rf4 49. Ra8 Be7 50. Re8 Rxf7 51. Rxb4 Rg7 52. Rb7 Rf7 53. a4 g3 54. Rbxe7+ 1-0

[Event "Frankfurt-chA"]
[Site "Frankfurt"]
[Date "2012.06.04"]
[Round "5"]
[White "Hierling, Stefan"]
[Black "Kuhn, Luis"]
[Result "1/2-1/2"]
[WhiteElo "1954"]
[BlackElo "1811"]
[PlyCount "113"]
[EventDate "2012.04.30"]
[EventType "swiss"]
[EventRounds "7"]
[EventCountry "GER"]
[SourceTitle "EXT 2013"]
[Source "ChessBase"]
[SourceDate "2012.11.22"]
[SourceVersion "1"]
[SourceVersionDate "2012.11.22"]
[SourceQuality "1"]

1. e4 e5 2. Nf3 Nc6 3. Bc4 Bc5 4. a3 d6 5. h3 Nf6 6. d3 h6 7. b4 Bb6 8. 0-0 0-0 9. Qe2 Re8 10. Be3 d5 11. exd5 Nd4 12. Qd1 Nxd5 13. Bxd4 exd4 14. Re1 Be6 15. Qc1 Qf6 16. Nbd2 Nc3 17. Bxe6 Rxe6 18. Rxe6 Qxe6 19. Qe1 Qd7 20. Qf1 a5 21. Nb3 a4 22. Nbd2 c6 23. Re1 f6 24. Ne4 Nb5 25. Ra1 Re8 26. Nfd2 f5 27. Nc4 Ba7 28. Ned2 Re6 29. Re1 Qe7 30. Nf3 Rxe1 31. Qxe1 Qxe1+ 32. Nxe1 Kf7 33. Nf3 c5 34. bxc5 Bxc5 35. Nb2 Nc3 36. Nc4 b5 37. Ncd2 Ke6 38. Kf1 Kd5 39. Nh4 Bxa3 40. Nxf5 Bf8 41. Nf3 Bc5 42. Nxg7 Nb1 43. Ne8 a3 44. Nc7+ Kc6 45. Ne6 Kd5 46. Nc7+ Kc6 47. Ne6 a2 48. Nexd4+ Bxd4 49. Nxd4+ Kc5 50. Nb3+ Kb4 51. Ke1 Kc3 52. Kd1 Kb2 53. d4 Na3 54. Na1 Kxa1 55. Kc1 b4 56. d5 Nb5 57. f4 1/2-1/2

[Event "Frankfurt-chA"]
[Site "Frankfurt"]
[Date "2012.05.08"]
[Round "2"]
[White "Kuhn, Luis"]
[Black "Muthig, Holger"]
[Result "1-0"]
[WhiteElo "1811"]
[BlackElo "1599"]
[PlyCount "51"]
[EventDate "2012.04.30"]
[EventType "swiss"]
[EventRounds "7"]
[EventCountry "GER"]
[SourceTitle "EXT 2013"]
[Source "ChessBase"]
[SourceDate "2012.11.22"]
[SourceVersion "1"]
[SourceVersionDate "2012.11.22"]
[SourceQuality "1"]

1. e4 c6 2. d4 d5 3. Nc3 dxe4 4. Nxe4 Nd7 5. Nf3 Ngf6 6. Ng3 e6 7. Bd3 Bd6 8. Bg5 h6 9. Bd2 b6 10. Qe2 Qc7 11. 0-0-0 Bb7 12. Nf5 0-0-0 13. Nxd6+ Qxd6 14. Ne5 Qe7 15. Bf4 g5 16. Bg3 c5 17. Nxd7 Nxd7 18. Ba6 f5 19. Bxb7+ Kxb7 20. Qf3+ Ka6 21. Rd3 f4 22. Ra3+ Kb5 23. c4+ Kxc4 24. Rd1 cxd4 25. Qc6+ Qc5 26. Ra4# 1-0

[Event "Frankfurt-ch"]
[Site "Frankfurt"]
[Date "2011.05.09"]
[Round "2"]
[White "Rauscher, Joachim"]
[Black "Kuhn, Luis"]
[Result "0-1"]
[WhiteElo "1525"]
[BlackElo "1786"]
[PlyCount "104"]
[EventDate "2011.05.02"]
[EventType "swiss"]
[EventRounds "7"]
[EventCountry "GER"]
[SourceTitle "EXT 2012"]
[Source "ChessBase"]
[SourceDate "2011.11.24"]
[SourceVersion "1"]
[SourceVersionDate "2011.11.24"]
[SourceQuality "1"]

1. e4 e5 2. Nf3 Nc6 3. Bb5 a6 4. Bxc6 dxc6 5. 0-0 Qf6 6. d3 Bg4 7. Nbd2 Bc5 8. Re1 Ne7 9. h3 h5 10. Nb3 Bb6 11. Be3 Bxf3 12. Qxf3 Qxf3 13. gxf3 0-0-0 14. Kh2 f6 15. Rg1 g6 16. Nd2 Bd4 17. Bxd4 Rxd4 18. Nb3 Rd6 19. Rae1 b6 20. Nd2 g5 21. Nc4 Rdd8 22. Ne3 h4 23. Ng4 Rhf8 24. Rd1 c5 25. a3 Rd6 26. Ne3 Rfd8 27. Nc4 Rd4 28. Ne3 Kb7 29. Ng4 R8d6 30. Ne3 b5 31. Rge1 Kc6 32. Kg1 a5 33. Kf1 Rd8 34. Ng4 R4d6 35. Ke2 Ng6 36. Rh1 c4 37. Kd2 cxd3 38. cxd3 Rxd3+ 39. Kc2 Rxd1 40. Rxd1 Rxd1 41. Kxd1 Nf4 42. Nxf6 Nxh3 43. Ke1 Ng1 44. Ng4 Nxf3+ 45. Ke2 Nd4+ 46. Kf1 Kd6 47. Kg2 c5 48. Ne3 c4 49. Kh3 Kc5 50. Kg4 b4 51. Kxg5 h3 52. Ng4 bxa3 0-1

[Event "Frankfurt-ch"]
[Site "Frankfurt"]
[Date "2008.06.02"]
[Round "5"]
[White "Kronenburg, Thorsten"]
[Black "Kuhn, Luis"]
[Result "1/2-1/2"]
[WhiteElo "1564"]
[BlackElo "1759"]
[PlyCount "27"]
[EventDate "2008.04.28"]
[EventType "swiss"]
[EventRounds "7"]
[EventCountry "GER"]
[SourceTitle "EXT 2009"]
[Source "ChessBase"]
[SourceDate "2008.11.26"]
[SourceVersion "1"]
[SourceVersionDate "2008.11.26"]
[SourceQuality "1"]

1. b4 d5 2. e3 Nf6 3. Bb2 Bf5 4. Nf3 e6 5. b5 Be7 6. Be2 0-0 7. 0-0 c5 8. c4 Nbd7 9. d4 Rc8 10. cxd5 exd5 11. dxc5 Nxc5 12. Nc3 Re8 13. a4 Be6 14. Rc1 1/2-1/2

[Event "Frankfurt-ch"]
[Site "Frankfurt"]
[Date "2008.05.19"]
[Round "3"]
[White "Popp, Matthias"]
[Black "Kuhn, Luis"]
[Result "1-0"]
[WhiteElo "1538"]
[BlackElo "1759"]
[PlyCount "105"]
[EventDate "2008.04.28"]
[EventType "swiss"]
[EventRounds "7"]
[EventCountry "GER"]
[SourceTitle "EXT 2009"]
[Source "ChessBase"]
[SourceDate "2008.11.26"]
[SourceVersion "1"]
[SourceVersionDate "2008.11.26"]
[SourceQuality "1"]

1. d4 d5 2. Nf3 Nf6 3. Bf4 Bf5 4. e3 e6 5. c3 Bd6 6. Ne5 Nbd7 7. Nd2 0-0 8. h3 Bxe5 9. dxe5 Ne4 10. g4 Nxd2 11. Qxd2 Be4 12. Rh2 c5 13. Bg2 Bxg2 14. Rxg2 Qc7 15. h4 c4 16. h5 Nc5 17. g5 Nd3+ 18. Ke2 Qb6 19. g6 fxg6 20. hxg6 Nxf4+ 21. exf4 h6 22. Rb1 Rad8 23. Qe3 d4 24. Qe4 Rd7 25. Rg3 Rfd8 26. cxd4 Rxd4 27. Qe3 Rd2+ 28. Kf1 Qa6 29. Qa3 Qxa3 30. Rxa3 a6 31. Kg2 Kf8 32. Rc3 R2d4 33. Kg3 Rd3+ 34. Kg4 Rxc3 35. bxc3 b5 36. a4 Rd5 37. axb5 Rxb5 38. Rd1 Rd5 39. Rb1 Rb5 40. Rd1 Rb6 41. Rd8+ Ke7 42. Rg8 Rb3 43. Rxg7+ Kf8 44. Ra7 Rxc3 45. Rxa6 Rc2 46. Rxe6 Rxf2 47. Rc6 h5+ 48. Kg5 h4 49. Rxc4 h3 50. Kf6 Ke8 51. g7 Kd7 52. g8Q h2 53. Qc8# 1-0